Deer Commission for Scotland (Record no. 120735)
[ view plain ]
| 000 -LEADER | |
|---|---|
| fixed length control field | 00916cai a22001935a 4500 |
| 001 - CONTROL NUMBER | |
| control field | E145891 |
| 008 - FIXED-LENGTH DATA ELEMENTS--GENERAL INFORMATION | |
| fixed length control field | 081120u xxk g 000 0 eng d |
| 035 ## - SYSTEM CONTROL NUMBER | |
| System control number | (Sirsi) u145891 |
| 041 0# - LANGUAGE CODE | |
| Language code of text/sound track or separate title | eng |
| 110 2# - MAIN ENTRY--CORPORATE NAME | |
| Corporate name or jurisdiction name as entry element | Deer Commission for Scotland |
| 9 (RLIN) | 3964 |
| 245 00 - TITLE STATEMENT | |
| Title | Deer Commission for Scotland |
| Remainder of title | promoting the management of all wild deer in Scotland |
| Medium | [electronic resource] |
| 520 ## - SUMMARY, ETC. | |
| Summary, etc. | Website of the Deer Commission for Scotland, containing a range of information on the management of wild deer. Includes best practice guidelines, links to information on deer-related research and publications. |
| 590 ## - LOCAL NOTE (RLIN) | |
| Local note | KA |
| 610 24 - SUBJECT ADDED ENTRY--CORPORATE NAME | |
| Corporate name or jurisdiction name as entry element | Deer Commission for Scotland |
| 9 (RLIN) | 3964 |
| 651 #4 - SUBJECT ADDED ENTRY--GEOGRAPHIC NAME | |
| Geographic name | Scotland |
| Chronological subdivision | 1999- |
| 690 ## - LOCAL SUBJECT ADDED ENTRY--TOPICAL TERM (OCLC, RLIN) | |
| Topical term or geographic name as entry element | ENVIRONMENTAL AND LAND CONSULTANCY-ENVIRONMENTAL MANAGEMENT-ENVIRONMENTAL CONSERVATION-WILDLIFE CONSERVATION |
| 856 40 - ELECTRONIC LOCATION AND ACCESS | |
| Uniform Resource Identifier | <a href="https://www.dcs.gov.uk">https://www.dcs.gov.uk</a> |
| Public note | View the website free of charge at www.dcs.gov.uk... |
| 942 ## - ADDED ENTRY ELEMENTS (KOHA) | |
| Suppress in OPAC | 0 |
| Withdrawn status | Lost status | Source of classification or shelving scheme | Damaged status | Not for loan | Home library | Current library | Shelving location | Date acquired | Total Checkouts | Full call number | Barcode | Date last seen | Copy number | Price effective from | Koha item type |
|---|---|---|---|---|---|---|---|---|---|---|---|---|---|---|---|
| Dewey Decimal Classification | Virtual | Virtual | Online | 20/11/2008 | WEBSITE | 145891-2001 | 06/08/2019 | 1 | 06/08/2019 | Online material |